| 000 | 00967cam a2200301 a 4500 | ||
|---|---|---|---|
| 005 | 20260322212015.0 | ||
| 008 | data | ||
| 010 | _a 96069969 | ||
| 020 | _a1572940689 | ||
| 020 | _a9781572940680 | ||
| 040 |
_aDLC _cDLC _dDLC |
||
| 050 | 0 | 0 |
_aBF327 _b.S37 1997 |
| 082 | 0 | 0 |
_a158.1 _221 |
| 092 | _a158.1 S37 1997 | ||
| 100 | 1 | _aSchroeder, Joel. | |
| 245 | 1 | 4 |
_aThe power of positivity : _beighty ways to energize your life / _cJoel Schroeder & Ruth Schroeder. |
| 260 |
_aMission, KS : _bSkillPath Publications, _cc1997. |
||
| 300 |
_aviii, 90 p. ; _c22 cm. |
||
| 504 | _aIncludes bibliographical references (p. 89-90). | ||
| 650 | 0 | _aAttitude (Psychology) | |
| 650 | 0 | _aAttitude change. | |
| 700 | 1 | _aSchroeder, Ruth. | |
| 906 |
_a7 _bcbc _corignew _d3 _eopcn _f19 _gy-gencatlg |
||
| 922 | _aco | ||
| 985 | _eGAP | ||
| 001 | data | ||
| 999 |
_c320 _d320 |
||